Statystyki dla 30 największych państw Ziemi pod względem powierzchni

Kliknij tutaj aby rozwiązać quiz!

Ogólne statystyki

  • Ten quiz został rozwiązany 612 razy
  • Średni wynik to 23 z 30

Statystyki odpowiedzi

MiejsceKontynentPowierzchniaNazwa państwa% Poprawnych
3.Azja9 596 960 km2Chiny
99%
2.Ameryka Północna9 976 140 km2Kanada
99%
1.Europa/Azja17 075 400 km2Rosja
99%
6.Oceania7 686 850 km2Australia
98%
5.Ameryka Południowa8 511 965 km2Brazylia
98%
4.Ameryka Północna9 373 967 km2Stany Zjednoczone
98%
8.Ameryka Południowa2 766 890 km2Argentyna
97%
7.Azja3 287 590 km2Indie
94%
9.Europa/Azja2 717 300 km2Kazachstan
91%
13.Ameryka Północna1 972 550 km2Meksyk
90%
24.Afryka1 219 912 km2Republika Południowej Afryki
86%
10.Afryka2 381 741 km2Algieria
83%
29.Afryka1 001 450 km2Egipt
83%
12.Azja2 149 690 km2Arabia Saudyjska
78%
18.Azja1 564 116 km2Mongolia
78%
21.Afryka1 267 000 km2Niger
73%
25.Ameryka Południowa1 139 825 km2Kolumbia
72%
19.Ameryka Południowa1 285 220 km2Peru
72%
14.Azja1 919 440 km2Indonezja
71%
17.Azja1 648 195 km2Iran
71%
15.Afryka1 886 068 km2Sudan
71%
16.Afryka1 759 540 km2Libia
68%
27.Ameryka Południowa1 098 580 km2Boliwia
63%
20.Afryka1 284 000 km2Czad
60%
26.Afryka1 127 127 km2Etiopia
58%
11.Afryka2 344 858 km2Demokratyczna Republika Konga
56%
23.Afryka1 240 192 km2Mali
55%
22.Afryka1 246 700 km2Angola
50%
28.Afryka1 030 700 km2Mauretania
46%
30.Afryka945 087 km2Tanzania
46%

Rozkład punktacji

Percentyl według liczby udzielonych odpowiedzi

Procent ludzi z każdym wynikiem

Twoja historia wyników

Nie rozwiązałeś tego quizu